STRANGE MEN, STRANGE PLACES (Record no. 2773)
[ view plain ]
| 000 -LEADER | |
|---|---|
| fixed length control field | 00628nam a22001457a 4500 |
| 020 ## - INTERNATIONAL STANDARD BOOK NUMBER | |
| ISBN | 978-81-716-7107-6 |
| 082 ## - DEWEY DECIMAL CLASSIFICATION NUMBER | |
| Classification number | 823 |
| Item number | BON/S |
| 100 ## - MAIN ENTRY--AUTHOR NAME | |
| Personal name | BOND, RUSKIN |
| 245 ## - TITLE STATEMENT | |
| Title | STRANGE MEN, STRANGE PLACES |
| 260 ## - PUBLICATION, DISTRIBUTION, ETC. (IMPRINT) | |
| Place of publication | DELHI |
| Name of publisher | RUPA PUBLICATIONS |
| Year of publication | 1992 |
| 300 ## - PHYSICAL DESCRIPTION | |
| Number of Pages | 91 |
| 520 ## - SUMMARY, ETC. | |
| Summary, etc | Soldiers, mercenaries, free-booters. Europeans all, braving the heat and dust of the merciless land of India. Some fought for wealth, some for glory, some to appease their natural craving for danger. Their glorious and ingenious exploits are filled with thrills, romance, violence and adventure. |
| 650 ## - SUBJECT ADDED ENTRY--TOPICAL TERM | |
| Topical Term | CHILDRENS STORY BOOK |
| Geographic subdivision | INDIA |
| 942 ## - ADDED ENTRY ELEMENTS (KOHA) | |
| Koha item type | Books |
| Withdrawn status | Lost status | Collection code | Home library | Current library | Shelving location | Date acquired | Source of acquisition | Cost, normal purchase price | Full call number | Accession Number | Koha item type |
|---|---|---|---|---|---|---|---|---|---|---|---|
| Fiction | Main Library | Main Library | SHELF-14B -ALPHABETICAL -B--ENGLISH NOVELS & FICTIONS | 25/01/2019 | purchase | 150.00 | 823 BON/S | 10667 | Books |